Library Banner

From internet of things to smart cities : (Record no. 122106)

MARC details
000 -LEADER
fixed length control field 00815cam a2200253 i 4500
001 - CONTROL NUMBER
control field 19484499
005 - DATE AND TIME OF LATEST TRANSACTION
control field 20210426161329.0
008 - FIXED-LENGTH DATA ELEMENTS--GENERAL INFORMATION
fixed length control field 170207s2018 flu b 000 0 eng
020 ## - INTERNATIONAL STANDARD BOOK NUMBER
International Standard Book Number 9780367572983
040 ## - CATALOGING SOURCE
Transcribing agency PK-LaUMT
082 00 - DEWEY DECIMAL CLASSIFICATION NUMBER
Classification number 004.678
Edition number 23
Item number FRO-
245 00 - TITLE STATEMENT
Title From internet of things to smart cities :
Remainder of title enabling technologies /
Statement of responsibility, etc edited by Hongjian Sun, Chao Wang, and Bashar I. Ahmad
260 ## - PUBLICATION, DISTRIBUTION, ETC. (IMPRINT)
Place of publication, distribution, etc Boca Raton :
Name of publisher, distributor, etc CRC Press,
Date of publication, distribution, etc 2020
300 ## - PHYSICAL DESCRIPTION
Extent xix, 410 p. ;
Dimensions 27 cm.
490 0# - SERIES STATEMENT
Series statement Champ & Hall / CRC computer and information science series
500 ## - GENERAL NOTE
General note "A Chapman & Hall Book."
650 #0 - SUBJECT ADDED ENTRY--TOPICAL TERM
Topical term or geographic name as entry element Internet of things.
650 #0 - SUBJECT ADDED ENTRY--TOPICAL TERM
Topical term or geographic name as entry element Adaptive computing systems.
650 #0 - SUBJECT ADDED ENTRY--TOPICAL TERM
Topical term or geographic name as entry element High technology.
700 1# - ADDED ENTRY--PERSONAL NAME
Personal name Sun, Hongjian,
700 1# - ADDED ENTRY--PERSONAL NAME
Personal name Ahmad, Bashar I.,
700 1# - ADDED ENTRY--PERSONAL NAME
Personal name Wang, Chao
942 ## - ADDED ENTRY ELEMENTS (KOHA)
Koha item type Books
Holdings
Withdrawn status Lost status Damaged status Home library Current library Date acquired Full call number Barcode Date last seen Price effective from Koha item type
      UMT Main Campus UMT Main Campus 2021-04-26 004.678 FRO- 137491 2021-11-16 2021-04-26 Books